| 000 | 01505nam0a2200301 4500 | ||
|---|---|---|---|
| 001 | RU\NLR\bibl\1510847 | ||
| 005 | 20260407225549.0 | ||
| 021 |
_aRU _b2010-25936 _91746 |
||
| 035 | _a(NLR Aleph) 001502245 | ||
| 090 |
_a1798006 _c1798006 |
||
| 100 | _a20100514d2009 |||y0rusy50 ca | ||
| 101 | 0 | _arus | |
| 102 | _aRU | ||
| 105 | _aa ||||||||| | ||
| 200 | 1 |
_aМакроэкономика _eучебное пособие _fФедер. агентство по образованию, Гос. образоват. учреждение высш. проф. образования "Казан. гос. фин.-экон. ин-т", Каф. макроэкономики и экон. теории _g[проф. д.э.н. Андреев С.И. и др.] |
|
| 210 |
_aКазань _cКГФЭИ _d2009 |
||
| 215 |
_a232 с. _cил. _d21 |
||
| 320 | _aБиблиогр.: с. 231-232 (39 назв.) | ||
| 606 | 1 |
_aМакроэкономика _jУчебные издания для высших учебных заведений _91518341 _3RU\NLR\auth\66659814 |
|
| 686 | _aУ010.3я73 | ||
| 702 | 1 |
_aАндреев _bС. И. _4220 |
|
| 712 | 0 | 2 |
_4570 _aКазанский государственный финансово-экономический институт _bКафедра макроэкономики и экономической теории _3RU\NLR\AUTH\8810154253 _9803664 |
| 801 | 0 |
_aRU _bNLR _c20100514 _gRCR |
|
| 801 | 1 |
_aRU _bNLR _c20100514 |
|
| 942 | _cBOOK | ||
| 980 | _aNB | ||
| 980 | _aNBR | ||